White Flag - Bishop Briggs - All Lyrics - Statistics

General Stats
  • This quiz has been taken 11 times
  • The average score is 364 of 420
Answer Stats
Answer % Correct
a
100%
do
100%
down,
100%
down
100%
go
100%
go)
100%
(Go
100%
I
100%
my
100%
no
100%
no,
100%
Oh,
100%
Put
100%
put
100%
thin,
100%
up
100%
up,
100%
Whoa,
100%
whoa,
100%
whoa
100%
will
100%
won't
100%
won’t
100%
(Won't
100%
X
100%
you
100%
again,
86%
an
86%
broke
86%
die
86%
don't
86%
Don’t
86%
eye
86%
fight,
86%
fight
86%
flag,
86%
flag
86%
flag)
86%
give
86%
Give
86%
Gotta
86%
ground,
86%
ground
86%
hit,
86%
hit
86%
I’d
86%
I'd
86%
is
86%
it
86%
keep
86%
me
86%
never
86%
on
86%
Playing
86%
Promises
86%
rather
86%
sin
86%
slow
86%
slow)
86%
So
86%
Than
86%
the
86%
This
86%
wave
86%
(Wave
86%
white
86%
White
86%
all
71%
are
71%
But
71%
chest,
71%
chest
71%
dead,
71%
energy
71%
expect
71%
feeds
71%
fire,
71%
goin'
71%
I'll
71%
I’ll
71%
I'm
71%
it's
71%
know
71%
let
71%
only
71%
Patience
71%
shoot
71%
Smoke,
71%
sympathy
71%
Take
71%
time
71%
to
71%
wearing
71%
what
71%
afraid
57%
ain't
57%
blood?
57%
earth
57%
flares
57%
forget
57%
hell
57%
in
57%
little
57%
shed
57%
through
57%
'cause
43%
myself
43%
of
43%
paper-thin
43%
save
43%
spite
43%
still
43%
Raise
29%
standing
29%
No matching quizzes found
Score Distribution
Percent of People with Each Score
Percentile by Number Answered
Your Score History
You have not taken this quiz